| 000 | 00974cam a22003015a 4500 | ||
|---|---|---|---|
| 001 | 12639537 | ||
| 005 | 20171112145731.0 | ||
| 008 | 020108s1992 nyua frb 001 0 eng d | ||
| 020 | _a0071127089 | ||
| 020 | _a9780071127080 | ||
| 040 |
_aDLC _cDLC _beng _dEG-ScBUE |
||
| 082 | 0 | 4 |
_222 _a628.1 _bMAY |
| 100 | 1 |
_aMays, Larry W. _95014 |
|
| 245 | 1 | 0 |
_aHydrosystems engineering and management / _cLarry W. Mays, Yeou-Koung Tung. |
| 250 | _aInternational ed. | ||
| 260 |
_aNew York : _b McGraw-Hill, _c1992. |
||
| 300 |
_axix, 530 p. : _cill. ; _b22 cm. |
||
| 500 | _aIncludes index | ||
| 504 | _aIncludes bibliographical references. | ||
| 650 | 7 |
_939965 _aOperations research. _2BUEsh |
|
| 650 | 7 |
_93752 _aReliability (Engineering) _2BUEsh |
|
| 650 | 7 |
_aWater-supply _xManagement _xMathematical models. |
|
| 650 | 7 |
_aWater _xsupply engineering _xMathematical models. |
|
| 651 | _2BUEsh | ||
| 653 |
_bGGEN _cNovember2017 |
||
| 942 |
_2ddc _cBB |
||
| 999 |
_c11592 _d11592 |
||